Introduction to finance : (Record no. 17172)

000 -LEADER
fixed length control field 03244cam a22003974a 4500
001 - CONTROL NUMBER
control field 16438782
005 - DATE AND TIME OF LATEST TRANSACTION
control field 20161122120422.0
008 - FIXED-LENGTH DATA ELEMENTS--GENERAL INFORMATION
fixed length control field 100830s2011 njua b 001 0 eng
010 ## - LIBRARY OF CONGRESS CONTROL NUMBER
LC control number 2010036820
015 ## - NATIONAL BIBLIOGRAPHY NUMBER
National bibliography number GBB086142
Source bnb
016 7# - NATIONAL BIBLIOGRAPHIC AGENCY CONTROL NUMBER
Record control number 015605701
Source Uk
020 ## - INTERNATIONAL STANDARD BOOK NUMBER
International Standard Book Number 9780470561072
020 ## - INTERNATIONAL STANDARD BOOK NUMBER
International Standard Book Number 0470561076
035 ## - SYSTEM CONTROL NUMBER
System control number (OCoLC)ocn649801668
040 ## - CATALOGING SOURCE
Original cataloging agency DLC
Transcribing agency DLC
Modifying agency YDX
-- BTCTA
-- UKM
-- YDXCP
-- CDX
-- DLC
042 ## - AUTHENTICATION CODE
Authentication code pcc
043 ## - GEOGRAPHIC AREA CODE
Geographic area code n-us---
050 00 - LIBRARY OF CONGRESS CALL NUMBER
Classification number HG173.M398 2011
Item number .M398 2011
082 00 - DEWEY DECIMAL CLASSIFICATION NUMBER
Edition number 22
100 1# - MAIN ENTRY--PERSONAL NAME
Personal name Melicher, Ronald W.
245 10 - TITLE STATEMENT
Title Introduction to finance :
Remainder of title markets, investments, and financial management /
Statement of responsibility, etc. Ronald W. Melicher, Edgar A. Norton.
250 ## - EDITION STATEMENT
Edition statement 14th ed.
260 ## - PUBLICATION, DISTRIBUTION, ETC. (IMPRINT)
Place of publication, distribution, etc. Hoboken, NJ :
Name of publisher, distributor, etc. John Wiley,
Date of publication, distribution, etc. c2011.
300 ## - PHYSICAL DESCRIPTION
Extent xviii, 590 p. :
Other physical details ill. ;
Dimensions 28 cm.
504 ## - BIBLIOGRAPHY, ETC. NOTE
Bibliography, etc Includes bibliographical references and index.
505 8# - FORMATTED CONTENTS NOTE
Formatted contents note Machine generated contents note: Part 1: Financial Markets -- Chapter 1. The Financial Environment -- Chapter 2. Money and the Monetary System -- Chapter 3. Banks and Other Financial Institutions -- Chapter 4. Federal Reserve System -- Chapter 5. Policy Makers and the Money Supply -- Chapter 6. International Trade and Finance -- Part 2: Investments -- Chapter 7. Savings and Investment Process -- Chapter 8. Structure of Interest Rates -- Chapter 9. Time Value of Money -- Chapter 10. Bond and Stocks: Characteristics and Valuations -- Chapter 11. Securities Markets -- Chapter 12. Financial Return and Risk Concepts -- Part 3: Financial Management -- Chapter 13. Business Organization and Financial Data -- Chapter 14. Financial Analysis and Long-term Financial Planning -- Chapter 15. Managing Working Capital -- Chapter 16. Short-term Business Financing -- Chapter 17. Capital Budgeting Analysis -- Chapter 18. Capital Structure and Cost of Capital.
520 ## - SUMMARY, ETC.
Summary, etc. "Business managers will gain a basic understanding of the complex world of finance with this engaging book. It presents a balanced survey of the three main areas of finance: institutions and markets, investments, and financial management. The examples have been completely updated throughout to provide the most relevant information. Discussions of small business practice help them gain a better understanding of small business applications. More focus is placed on ethics to reflect the headlines in today's news. Additional end-of-chapter questions and career-profile features also enable business managers to connect the material to the real world."--
650 #0 - SUBJECT ADDED ENTRY--TOPICAL TERM
Topical term or geographic name as entry element Finance.
650 #0 - SUBJECT ADDED ENTRY--TOPICAL TERM
Topical term or geographic name as entry element Finance
Geographic subdivision United States.
700 1# - ADDED ENTRY--PERSONAL NAME
Personal name Norton, Edgar,
Dates associated with a name 1957-
856 42 - ELECTRONIC LOCATION AND ACCESS
Materials specified Cover image
Uniform Resource Identifier <a href="http://catalogimages.wiley.com/images/db/jimages/9780470561072.jpg">http://catalogimages.wiley.com/images/db/jimages/9780470561072.jpg</a>
856 42 - ELECTRONIC LOCATION AND ACCESS
Materials specified Publisher description
Uniform Resource Identifier <a href="http://www.loc.gov/catdir/enhancements/fy1204/2010036820-d.html">http://www.loc.gov/catdir/enhancements/fy1204/2010036820-d.html</a>
856 41 - ELECTRONIC LOCATION AND ACCESS
Materials specified Table of contents only
Uniform Resource Identifier <a href="http://www.loc.gov/catdir/enhancements/fy1204/2010036820-t.html">http://www.loc.gov/catdir/enhancements/fy1204/2010036820-t.html</a>
906 ## - LOCAL DATA ELEMENT F, LDF (RLIN)
a 7
b cbc
c orignew
d 1
e ecip
f 20
g y-gencatlg
942 ## - ADDED ENTRY ELEMENTS (KOHA)
Source of classification or shelving scheme
Koha item type Hard Covered Materials
Classification part HG173.M398 2011
Holdings
Withdrawn status Lost status Source of classification or shelving scheme Damaged status Not for loan Home library Current library Shelving location Date acquired Source of acquisition Total Checkouts Full call number Barcode Date last seen Price effective from Koha item type
          MACHAKOS UNIVERSITY LIBRARY MACHAKOS UNIVERSITY LIBRARY Open shelf 22/11/2016 Donation(B.F.A)   HG173.M398 2011 28014 04/06/2019 22/11/2016 Hard Covered Materials
© Machakos University Library, Along The Highway, Machakos Wote Rd, Machakos, Kenya P.O. Box 136 - 90100 Machakos - Kenya

Tel: ( +254 ) 723 805829 OR Fax : 044-20353 OR Email: library@mksu.ac.ke